[Event "2017 Oceania Zone 3.6 Zonal Championship"]
[Site "Auckland NZL"]
[Date "2017.01.16"]
[Round "4.28"]
[White "Plaganyi, Gyula"]
[Black "James, Jack"]
[Result "0-1"]
[WhiteElo "1790"]
[BlackElo "2012"]
[PlyCount "60"]
[EventDate "2017.01.14"]

1. e4 e5 2. Nf3 d6 3. Nc3 Nf6 4. g3 Be7 5. Bg2 Nbd7 6. O-O c6 7. Re1 O-O 8. d4
Re8 9. h3 Qc7 10. Be3 a6 11. a4 b6 12. d5 Bb7 13. Kh2 Rac8 14. Nh4 cxd5 15.
exd5 Bf8 16. Nf5 Qd8 17. g4 Kh8 18. Bg5 Qc7 19. Qd2 Ng8 20. Ng3 g6 21. h4 Be7
22. Rh1 Qc4 23. Bf3 Ndf6 24. Kh3 Rc7 25. h5 Bc8 26. Nge4 Bxg4+ 27. Kg2 Bxf3+
28. Kxf3 Nxe4 29. Nxe4 f5 30. Nf6 Bxf6 0-1

[Event "2017 Oceania Zone 3.6 Zonal Championship"]
[Site "Auckland NZL"]
[Date "2017.01.16"]
[Round "4.29"]
[White "Zhao, Isaac"]
[Black "Goodhue, Nathan"]
[Result "1/2-1/2"]
[WhiteElo "1838"]
[BlackElo "1966"]
[PlyCount "44"]
[EventDate "2017.01.14"]

1. Nf3 e6 2. c4 f5 3. Nc3 Nf6 4. d3 d5 5. cxd5 exd5 6. g3 c6 7. Bg2 d4 8. Nb1
Be6 9. Qa4 Bc5 10. O-O b5 11. Qc2 Qe7 12. Bg5 O-O 13. Nbd2 h6 14. Bxf6 Rxf6 15.
Nb3 Bxb3 16. Qxb3+ Kh7 17. a4 Nd7 18. axb5 Rb8 19. Ra5 Bb6 20. Raa1 Bc5 21. Ra5
Bb6 22. Raa1 Bc5 1/2-1/2

[Event "2017 Oceania Zone 3.6 Zonal Championship"]
[Site "Auckland NZL"]
[Date "2017.01.16"]
[Round "4.30"]
[White "Lim, Benjamin U"]
[Black "Crowley, Regan"]
[Result "1-0"]
[WhiteElo "1920"]
[BlackElo "1761"]
[PlyCount "111"]
[EventDate "2017.01.14"]

1. d4 d5 2. c4 c6 3. e3 e6 4. Nf3 Nf6 5. Nc3 Bd6 6. Bd3 Nbd7 7. cxd5 exd5 8.
O-O O-O 9. a3 a5 10. Qc2 Re8 11. h3 b6 12. e4 c5 13. e5 cxd4 14. exf6 dxc3 15.
Bxh7+ Kh8 16. fxg7+ Kxg7 17. bxc3 Nf6 18. Bg5 Rh8 19. Bf5 Qc7 20. Bxc8 Qxc8 21.
Qd3 Rxh3 22. Bxf6+ Kxf6 23. Qd4+ Kg6 24. gxh3 Qxh3 25. Ne5+ Bxe5 26. Qxe5 Rg8
27. f3 f6 28. Qh2 Kf5+ 29. Kh1 Qxh2+ 30. Kxh2 Kf4 31. Rg1 Rc8 32. Rg4+ Kxf3 33.
Rg3+ Ke4 34. Re1+ Kf5 35. Rf1+ Ke6 36. Re3+ Kf7 37. Ref3 Rc6 38. Rf5 Rd6 39.
Kg3 Ke7 40. R1f3 Kf7 41. Kf2 Kg6 42. Ke2 Kf7 43. Kd3 b5 44. Kd4 b4 45. cxb4
axb4 46. axb4 Rb6 47. Kc5 Re6 48. Kxd5 Re1 49. Rxf6+ Kg8 50. Rg3+ Kh7 51. Rff3
Re2 52. b5 Rb2 53. Rb3 Rf2 54. b6 Rf5+ 55. Ke6 Rf8 56. Rh3+ 1-0

[Event "2017 Oceania Zone 3.6 Zonal Championship"]
[Site "Auckland NZL"]
[Date "2017.01.16"]
[Round "4.31"]
[White "Lim, Christopher"]
[Black "Kempen, Leon"]
[Result "0-1"]
[WhiteElo "1691"]
[BlackElo "1887"]
[PlyCount "48"]
[EventDate "2017.01.14"]

1. d4 e6 2. c4 Bb4+ 3. Bd2 Bxd2+ 4. Qxd2 Nf6 5. Nc3 d5 6. Nf3 O-O 7. Qf4 Na6 8.
e3 c6 9. Rc1 Qa5 10. a3 dxc4 11. Bxc4 b5 12. Bd3 b4 13. axb4 Nxb4 14. Bb1 Ba6
15. Ne5 Rab8 16. Qh4 Nbd5 17. Nxc6 Qb6 18. Nxd5 exd5 19. Ne7+ Kh8 20. Nxd5 Qa5+
21. Nc3 Rxb2 22. Kd1 Rc8 23. Qf4 Rxc3 24. Bc2 Bd3 0-1

[Event "2017 Oceania Zone 3.6 Zonal Championship"]
[Site "Auckland NZL"]
[Date "2017.01.16"]
[Round "4.32"]
[White "Lam, Ross"]
[Black "Kumar, Viney"]
[Result "1-0"]
[WhiteElo "1883"]
[BlackElo "1703"]
[PlyCount "71"]
[EventDate "2017.01.14"]

1. c4 Nf6 2. Nc3 g6 3. g3 Bg7 4. Bg2 O-O 5. Nf3 d6 6. O-O c6 7. Rb1 Bf5 8. d3
e5 9. b4 Re8 10. e4 Bg4 11. Re1 a5 12. a3 axb4 13. axb4 Nfd7 14. Be3 Na6 15.
Qd2 Qc8 16. h3 Bxf3 17. Bxf3 f5 18. exf5 gxf5 19. Bg2 Rb8 20. Ba7 Ra8 21. Be3
Rb8 22. Rf1 Qd8 23. b5 cxb5 24. Rxb5 b6 25. Rfb1 Ndc5 26. Nd5 Nc7 27. Rxb6 Rxb6
28. Rxb6 Nxd5 29. Bxd5+ Kf8 30. Bxc5 dxc5 31. Rb2 Re7 32. Qg5 Qd6 33. Qxf5+ Qf6
34. Qc8+ Re8 35. Qxc5+ Re7 36. Rb8# 1-0

[Event "2017 Oceania Zone 3.6 Zonal Championship"]
[Site "Auckland NZL"]
[Date "2017.01.16"]
[Round "4.36"]
[White "Yee, Stanley"]
[Black "Jacobs, Hilton J"]
[Result "1-0"]
[WhiteElo "1931"]
[BlackElo "1678"]
[PlyCount "105"]
[EventDate "2017.01.14"]

1. e4 e6 2. d4 d5 3. Nd2 Nf6 4. e5 Nfd7 5. Bd3 c5 6. c3 Nc6 7. Ne2 Qb6 8. Nf3
cxd4 9. cxd4 Bb4+ 10. Bd2 f6 11. exf6 Nxf6 12. O-O O-O 13. Bf4 Be7 14. Qd2 Bb4
15. Nc3 Kh8 16. a3 Be7 17. Rfe1 Bd7 18. Na4 Qd8 19. Nc5 Bxc5 20. dxc5 Rc8 21.
Bd6 Rg8 22. Ng5 Qe8 23. Qf4 Nd8 24. Nxh7 Nxh7 25. Bxh7 Nf7 26. Bg6 Qd8 27. Bxf7
Qf6 28. Qxf6 gxf6 29. Bxg8 Kxg8 30. b4 Kf7 31. a4 a6 32. Reb1 e5 33. b5 a5 34.
Rd1 Ke6 35. Rac1 d4 36. f4 Kd5 37. Be7 e4 38. Bxf6 d3 39. Kf2 Bg4 40. Rd2 Re8
41. Ke3 Re6 42. Bg5 Re8 43. c6 bxc6 44. bxc6 Rh8 45. h4 Rb8 46. c7 Re8 47. Bd8
Bc8 48. Rb1 Rg8 49. Rb5+ Kc4 50. Rg5 Rh8 51. Kxe4 Bb7+ 52. Ke3 Rxh4 53. Rb5 1-0